Baldur's Gate 3 Bosses - Statistics

General Stats
  • This quiz has been taken 43 times
    40 since last reset
  • The average score is 19 of 40
Answer Stats
Location Answer % Correct
Minthara
89%
Ketheric Thorm
86%
Gortash
82%
Baldur's Gate Orin
82%
Raphael
79%
Malus Thorm
71%
Thisobald Thorm
71%
Auntie Ethel
68%
Auntie Ethel
68%
Gerringothe Thorm
64%
Cazador
61%
Dror Ragzlin
61%
Grym
61%
Priestess Gut
61%
The Emperor
54%
The Netherbrain
54%
True Soul Nere
54%
Apostle of Myrkul
50%
Wilderness Owlbear
50%
Ansur
46%
Bernard
46%
Underdark Bulette
46%
Matriarch Phase Spider
46%
Spectator
39%
Balthazar
36%
Sarevok
36%
Kagha
32%
Dominated Red Dragon
29%
Shadow-Cursed Lands Fist Marcus
29%
Mystic Carrion
29%
Flind
25%
Viconia Devir
25%
Yurgir
25%
Kar'niss
21%
Lorroakan
21%
Steel Watch Titan
18%
BOOOAL
14%
Firlo the Forgotten
11%
Dolor
7%
Polma
4%
No matching quizzes found
Score Distribution
Percent of People with Each Score
Percentile by Number Answered
Your Score History
You have not taken this quiz since the last reset